| 000 | 00662nam a2200169 4500 | ||
|---|---|---|---|
| 001 | 148028 | ||
| 003 | ES-MaACL | ||
| 005 | 20230906202405.0 | ||
| 007 | t| | ||
| 008 | 070214s1964 sp r ||||1| spa d | ||
| 100 | 1 |
_aStiefel, E. _9108205 |
|
| 245 | 1 | 0 |
_aComunicación previa sobre los resutados obtenidos con los nuevos derivados del podofilino SP-G y SP-I _b: presentada en el Symposium sobre Quimioterapia en el Cáncer / _cE. Stiefel. |
| 260 |
_a[Madrid : _bs. n., _c1964] ( _fImp. Nebreda Hnos.) |
||
| 300 |
_a16 p. ; _c24 cm. |
||
| 711 | 1 |
_aSymposium sobre Quimioterapia en el Cáncer ( _cMadrid? ( _d1964?) _91116 |
|
| 852 |
_aES-MaACL _j2037-F-23 _bR.53967 |
||
| 999 |
_c148028 _d148028 |
||